| 000 | 00391nam a2200157Ia 4500 | ||
|---|---|---|---|
| 008 | 230711s9999||||xx |||||||||||||| ||und|| | ||
| 041 | _aENG | ||
| 082 |
_a621.3 _bFI-E |
||
| 100 | _aHindmarsh,John | ||
| 245 | 0 | _aElectrical machines and drives | |
| 250 | _a2nd Ed. | ||
| 260 |
_c1988 _aNew Delhi _bOxford University Press |
||
| 300 | _a350 | ||
| 650 | _aElectrical Engineering | ||
| 942 | _cBK | ||
| 999 |
_c1978 _d1978 |
||